000 00569nam a2200193Ia 4500
005 20260114185611.0
008 008 260114s9999 xx 000 0 eng d
020 _a9781350044074
037 _aEBOOK
040 _aCRL
_beng
_cCRL
041 _aeng
_2eng
084 _qCRL
100 _aViktoriya Fedorchak
_9872074
245 0 _aBritish Air Power The Doctrinal Path to Jointery
260 _bBloomsbury
_c2018
856 _uhttps://doi.org/10.5040/9781350044074?locatt=label:secondary_bloomsburyCollections
942 _cEBOOK
999 _c1471022
_d1471022